ՀՀ Գիտությունների ազգային ակադեմիայի հիմնարար գիտական գրադարան  =   Fundamental Scientific Library of NAS RA

Экологические исследования донных организмов Белого моря : (Record no. 73051)

MARC details
000 -LEADER
fixed length control field 01108nam a22002297a 4500
001 - CONTROL NUMBER
control field 000209573
003 - CONTROL NUMBER IDENTIFIER
control field AM-YeHGA
005 - DATE AND TIME OF LATEST TRANSACTION
control field 20250617124125.0
008 - FIXED-LENGTH DATA ELEMENTS--GENERAL INFORMATION
fixed length control field 991027s1986 ru ||||| |||| 00| 0 rus d
040 ## - CATALOGING SOURCE
Original cataloging agency AM-YeHGA
041 0# - LANGUAGE CODE
Language code of text/sound track or separate title rus
090 ## - LOCALLY ASSIGNED LC-TYPE CALL NUMBER (OCLC); LOCAL CALL NUMBER (RLIN)
-- 74269
245 00 - TITLE STATEMENT
Title Экологические исследования донных организмов Белого моря :
Remainder of title Сборник научных трудов (проект "Белое море") /
Statement of responsibility, etc. АН СССР. Зоологический ин-т ; Секция по белому морю ихтиологической комиссии ; Гл. ред. О.А. Скарлато ; Ред вып. В.В. Ледяков, В.В. Луканин.
260 ## - PUBLICATION, DISTRIBUTION, ETC.
Place of publication, distribution, etc. Ленинград :
Name of publisher, distributor, etc. Зоологического ин-та АН СССР,
Date of publication, distribution, etc. 1986.
300 ## - PHYSICAL DESCRIPTION
Extent 140 с. :
Other physical details ил.
650 #4 - SUBJECT ADDED ENTRY--TOPICAL TERM
Topical term or geographic name entry element Общая биология
700 10 - ADDED ENTRY--PERSONAL NAME
Personal name Скарлато, О.А.
Relationship edt
Relator term ред.
700 1# - ADDED ENTRY--PERSONAL NAME
Personal name Федяков, В.В.
Relationship edt
700 1# - ADDED ENTRY--PERSONAL NAME
Personal name Луканин, В.В.
Relationship edt
710 2# - ADDED ENTRY--CORPORATE NAME
Corporate name or jurisdiction name as entry element Зоологический ин-т АН СССР
942 ## - ADDED ENTRY ELEMENTS (KOHA)
Source of classification or shelving scheme Universal Decimal Classification
Koha item type Գրքեր / Books
Holdings
Withdrawn status Lost status Damaged status Not for loan Collection Home library Current library Date acquired Total checkouts Full call number Barcode Date last seen Price effective from Koha item type Public note
        General Fundamental Scientific Library Fundamental Scientific Library 22/12/2016   PII/570889 FL0106694 22/12/2016 22/12/2016 Գրքեր / Books 30 Days Loan
        General Fundamental Scientific Library Fundamental Scientific Library 22/12/2016   PII/572978 FL0102408 22/12/2016 22/12/2016 Գրքեր / Books 30 Days Loan
        General Fundamental Scientific Library Fundamental Scientific Library 22/12/2016   PII/572979 FL0102407 22/12/2016 22/12/2016 Գրքեր / Books 30 Days Loan


ՀՀ ԳԱԱ հիմնարար գիտական գրադարան
ՀՀ,Երևան 0019
Մարշալ Բաղրամյան 24/6
հեռախոս:(374-10) 52-47-50
Հետադարձ կապ

All site content, except where otherwise noted, is licensed under a
Creative Commons License